000 00752nam a2200217Ii 4500
003 JO-AjNU
008 230605s9999||||xx |||||||||||||| ||und||
017 _a2013/10/3635
040 _aJO-AjNU
_bara
_erda
_cJO-AjNU
041 _aara
050 1 4 _aHD37.2015
100 3 _aمحمد، محمد هاني ،زيد منير عبوي,
_eauthor
_948276
245 0 0 _aإدارة وتنظيم وتطوير الأعمال :قياس الأداء المتوازن
250 _aط1
264 3 1 _aعمان:دار المعتز للنشر والتوزيع،2015
300 _a299ص
336 _atext
_btxt
_2rdacontent
337 _aunmediated
_bn
_2rdamedia
338 _avolume
_bnc
_2rdacarrier
650 4 _aادارة الاعمال-التنظيم
_948277
999 _aA21130
_c24698
_d24698